000 00371nam a22001217a 4500
082 _a220 PRO
100 _aAlya Aziz Ayesha Waheed Daniya Asim Komal Mariam
_971243
245 _aPR-SOF-1437-EEG Acquisition System for Brain Computer Interface
260 _aISLAMABAD
_bNUST COLLEGE OF EME
_c2015
650 _aDE-ELECT-33
700 _aDr Tahir Zaidi
_931395
942 _cCR
999 _c577869
_d577869